[Event "ZH-2023-0-02186"]
[Site "LSS email"]
[Date "2023.03.05"]
[Round "?"]
[White "Ozen, Bahadir"]
[Black "Powers, Frank"]
[Result "1-0"]
[WhiteElo "2248"]
[BlackElo "2116"]
[PlyCount "33"]
[EventDate "2023.03.05"]
[EventType "match (corr)"]
[EventRounds "2"]
[EventCountry "GER"]
[SourceTitle "Corr 2024"]
[Source "ChessBase"]
[SourceDate "2023.10.19"]
[SourceVersion "1"]
[SourceVersionDate "2023.10.19"]
[SourceQuality "1"]

1. d4 Nf6 2. c4 g6 3. Nc3 Bg7 4. e4 d6 5. Nf3 0-0 6. Be2 e5 7. 0-0 Nc6 8. d5 Ne7 9. b4 a5 10. bxa5 Rxa5 11. a4 Ra8 12. Nd2 Ne8 13. Nb3 b6 14. a5 bxa5 15. Nxa5 Bd7 16. c5 f5 17. c6 1-0

[Event "OP-2018-0-04663"]
[Site "LSS email"]
[Date "2018.10.29"]
[Round "?"]
[White "Powers, Frank"]
[Black "Obrien, Glenn"]
[Result "1/2-1/2"]
[WhiteElo "2395"]
[BlackElo "1303"]
[PlyCount "75"]
[EventDate "2018.10.21"]
[EventType "tourn (corr)"]
[EventRounds "4"]
[EventCountry "GER"]
[SourceTitle "Corr 2022"]
[Source "ChessBase"]
[SourceDate "2021.10.24"]
[SourceVersion "1"]
[SourceVersionDate "2021.10.24"]
[SourceQuality "1"]

1. d4 Nf6 2. Nf3 g6 3. Bg5 Bg7 4. Nbd2 0-0 5. c3 d6 6. e4 c5 7. dxc5 dxc5 8. Bc4 Nc6 9. Qe2 Qc7 10. 0-0 Na5 11. Bd3 h6 12. Bh4 Nh5 13. Qe3 c4 14. Bc2 e5 15. Rfd1 g5 16. Bg3 Nxg3 17. hxg3 Rd8 18. Nh2 b5 19. Qe2 f6 20. Ndf1 Be6 21. Ng4 b4 22. Nge3 bxc3 23. bxc3 Qc5 24. g4 Qa3 25. Qe1 Rxd1 26. Bxd1 Rb8 27. Bf3 Rb2 28. Qc1 Bf8 29. Rb1 Rxb1 30. Qxb1 Qxc3 31. Qb8 Qd4 32. Ng3 Qa1+ 33. Kh2 Qxa2 34. Nef5 Bxf5 35. Nxf5 Qa3 36. Qe8 Kh8 37. Qf7 Qc5 38. Qxf6+ 1/2-1/2